00470nam a2200157Ia 4500008004100000020001300041082001200054100002300066245004900089250000800138260007000146300002800216500001900244600003300263650001600296240925s9999 xx 000 0 und d a70473765 a511 LIP aLipschutz, Seymour 0a2000 Solved Problems in Discrete Mathematics a1st aNew Delhi:bMcGraw Hill Education (India) Private Limitedc,2002. axiv,647p.bNAfOriginal aIncludes Index aHumanities & Natural Science aMathematics